Wszystkie linie autobusowe w Warszawie - Statystyki

Ogólne statystyki
  • Ten quiz został rozwiązany 386 razy
  • Średni wynik to 116 z 204
Statystyki odpowiedzi
Trasa Numer linii % Poprawnych
rondo Daszyńskiego - os.Górczewska 105
80%
PKP Olszynka Grochowska - Metro Stadion Narodowy 102
78%
Esperanto - Gocław 111
78%
Karolin - CH Marki 112
78%
Olesin - Dw.Wschodni (Kijowska) 120
77%
Dw.Wschodni (Lubelska) - Dw.Wschodni (Kijowska) 123
77%
Dw.Zachodni - Metro Młociny 103
76%
Brzeziny - Metro Bródno 104
76%
Mariensztat - Ostroroga 106
76%
pl. Trzech Krzyży - Metro Wilanowska 108
75%
Browarna - Nowe Włochy 127
75%
Chomiczówka - Wilanów 116
74%
P+R Al.Krakowska - Paluch 124
74%
Koło - PKP Ursus 129
74%
EC Siekierki - Esperanto 107
73%
Metro Marymont - CH Łomianki 110
73%
Młociny-UKSW - Bródno-Podgrodzie 114
73%
Międzylesie - Metro Stadion Narodowy 125
73%
Tarchomin - CH Targówek 126
73%
Mariensztat - Metro Politechnika 118
72%
Gwiaździsta - os.Górczewska 122
72%
pl.Piłsudskiego - Szczęśliwice 128
72%
os.Derby - Metro Marymont 132
72%
Metro Marymont - Olesin 134
72%
PKP Mokry Ług - Aleksandrów 115
71%
Wiśniowa Góra - Rakowiecka-Sanktuarium 119
71%
Dw.Centralny - Sadyba 131
71%
PKP Olszynka Grochowska - pl.Hallera 135
71%
Natolin Płn. - Ostroroga 136
71%
Dziekanów Leśny - Metro Młociny 150
71%
Gwiaździsta - Metro Marymont 121
69%
Tarchomin - Choszczówka 133
69%
Pomnik Lotnika - Rembertów-Kolonia 143
69%
Dw.Centralny - Grodzisk 160
69%
Dw.Centralny - Gocław 117
68%
Metro Trocka - Czarna Struga 140
68%
P+R Al.Krakowska - Witolin 141
68%
Wiatraczna - Żerań FSO 145
68%
Terminal Autokarowy - Wiatraczna 148
68%
Metro Młociny - Dw.Wschodni (Kijowska) 156
68%
Siekierki-Sanktuarium - Fort Radiowo 167
68%
Ogród Botaniczny - Metro Wilanowska 139
67%
Aleksandrów - Wiatraczna 142
67%
Gwiaździsta - Szczęśliwice 157
67%
CH Reduta - Witolin 158
67%
CH Blue City - Stegny 172
67%
Chomiczówka - Wilanów 180
67%
os.Górczewska - Sadyba 189
67%
CH Marki - os.Górczewska 190
67%
Regulska - pl.Narutowicza 191
67%
Bokserska - Utrata 138
66%
P+R Al.Krakowska - Dw.Zachodni 154
66%
CH Blue City - Małe Siekierki 159
66%
CH Ursynów - Gwiaździsta 185
66%
Falenica - Dw.Wschodni (Lubelska) 146
65%
Groty - Metro Bemowo 149
65%
Rechniewskiego - pl.Konstytucji 151
65%
Witolin - Spartańska 168
65%
rondo Starzyńskiego - Elsnerów 170
65%
pl.Piłsudskiego - Terminal Autokarowy 175
65%
Ursynów Płn. - os.Kabaty 179
65%
os.Derby - Tarchomin 152
64%
EC Siekierki - pl.Hallera 162
64%
Dw.Wschodni (Kijowska) - Bródno-Podgrodzie 169
64%
Torwar - Chomiczówka 171
64%
Bokserska - rondo ONZ 174
64%
Skorosze - Konwiktorska 178
64%
Gwiaździsta - Cm.Wolski 197
64%
Rembertów-Strzelnica - Bródno-Podgrodzie 199
64%
Stara Miłosna (Ułańska) - Dw.Wschodni (Lubelska) 147
63%
EC Siekierki - Kępa Zawadowska 164
63%
pl.Hallera - os.Kabaty 166
63%
Metro Bródno - Choszczówka 176
63%
Wiatraczna - Zielona 183
63%
Metro Młociny - Szczęśliwice 184
63%
Szczęśliwice - Nowodwory 186
63%
Ursus-Niedźwiadek - Sadyba 187
63%
Gocławek Wschodni - Terminal Autokarowy 188
63%
PKP Gołąbki - Cm.Wolski 194
63%
Fort Wawrzyszew - Metro Młociny 203
63%
Olecka - Zbójna Góra 161
62%
Dw.Wschodni (Lubelska) - Stara Miłosna (Graniczna) 173
62%
pl.Wilsona - Cm.Północny-Brama Gł. 181
62%
PKP Wesoła - Stara Miłosna (Ułańska) 198
62%
Bitwy Warszawskiej 1920 r. - Bitwy Warszawskiej 1920 r. 208
62%
Bielańska - Spartańska 222
62%
Rembertów-Kolonia - Pastuszków 153
61%
Wyczółki - Metro Wilanowska 165
61%
os.Górczewska - Ursus-Niedźwiadek 177
61%
os.Kabaty - Metro Wilanowska 192
61%
Bokserska - Ursynów Płn 193
61%
Rembertów-Kolonia - Rembertów-Kolonia 196
61%
Regulska - Ursus-Ratusz 207
61%
Witolin - Dw.Zachodni 182
60%
Metro Młociny - Skibińskiego 210
60%
Świderska - Dąbrówka Wiślana 211
60%
Gocław - PKP Radość 219
60%
Dw.Gdański (Rydygiera) - gen.Maczka 221
60%
Żerań Wschodni - Augustów 234
60%
Dw.Centralny - Pańska 200
59%
Gocławek Wschodni - Metro Stadion Narodowy 202
59%
Gocław - Błota 213
59%
Sasanki - Ursus-Ratusz 228
59%
Grodzisk - Metro Bródno 204
58%
Ursynów Płd. - Dawidy 209
58%
Metro Wilanowska - Królikarnia 218
58%
Nowe Bemowo - Metro Księcia Janusza 201
57%
Natolin Płn. - Metro Wilanowska 217
57%
Nowe Bemowo - Rebusowa 220
57%
Gocław - PKP Mokry Ług 225
57%
Bródno-Podgrodzie - rondo "Radosława" 500
57%
Pustelnik - Metro Kondratowicza 240
56%
Winnica - Gocław 509
56%
Metro Bródno - Zdziarska-Kanał 226
55%
Dąbrowa Zachodnia - Metro Młociny 250
55%
Cm.Północny-Brama Gł. - pl.Wilsona 303
55%
Falenica - Szcześliwice 521
55%
Gocław - Dw.Centralny 507
54%
Ursus-Niedźwiadek - Torwar 517
54%
pl.Hallera - CH Targówek 212
53%
Bródno-Podgrodzie - Maczka 245
53%
Marysin - Wynalazek 402
52%
Natolin Płn. - Konwiktorska 503
52%
Marysin - pl.Bankowy 520
52%
Stare Bemowo - PKP Olszynka Grochowska 523
52%
Dw.Centralny - Międzylesie 525
52%
Stara Miłosna (Graniczna) - Metro Politechnika 502
51%
os.Kabaty - Dw.Centralny 504
51%
Dw.Centralny - Powsin-Park Kultury 519
51%
Tor Służewiec - Metro Wilanowska 300
50%
Ursus-Niedźwiadek - Ursynów Płd. 401
50%
Dw.Wschodni (Kijowska) - Gilarska 512
50%
Nowodwory - pl.Trzech Krzyży 518
50%
Wiatraczna - Rzakta 720
50%
PKP Legionowo Przystanek - Żerań FSO 723
50%
Metro Kondratowicza - Zaułek-Szkoła 256
49%
Wola Grzybowska - Metro Politechnika 514
49%
Ursynów Płd. - Krasnowola 239
48%
os.Górczewska - Koło 249
48%
CH Stara Papiernia - Metro Wilanowska 251
48%
PKP Międzylesie - Strusia 305
48%
Dw.Centralny - Stegny 501
48%
Metro Młociny - Dąbrówka Wiślana 511
48%
Branickiego - Dw.Centralny 522
48%
P+R Al.Krakowska - Ursynów Płn. 715
48%
Lewinów - Metro Trocka 262
47%
Olesin - Tarchomin 314
47%
Bródno-Podgrodzie - Cm.Północny-Brama Zach. 409
47%
Instalatorów - Bródno-Podgrodzie 414
47%
Grodzisk - Metro Kondratowicza 527
47%
Centrum Onkologii - Stegny 263
46%
Metro Wierzbno - os.Nowy Mokotów 308
46%
Gocław - Kamionek 311
46%
Wilanów - P+R Al.Krakowska 317
46%
PKP Halinów - Wiatraczna 704
46%
PKP Piaseczno - Metro Wilanowska 709
46%
Klaudyn - Metro Bemowo 712
46%
rondo Daszyńskiego - Cm.Wolski 255
45%
Wilanów - Kępa Okrzewska-Cmentarz 264
45%
Wiatraczna - Orla 702
45%
pl.Szwedzki - P+R Al.Krakowska 706
45%
Targowisko - os.Kabaty 710
45%
Metro Bemowo - Leszno 719
45%
Międzylesie - Pileckiego 319
44%
Żerań FSO - Nowodwory 516
44%
Rynia - Metro Marymont 705
44%
Ogińskiego - Dw.Zachodni 717
44%
Kosów - P+R Al.Krakowska 721
44%
P+R Al.Krakowska - Młochów 733
44%
Julianowska-Cmentarz - Metro Wilanowska 739
44%
Fort Radiowo - Groty 320
43%
Metro Trocka - Pustelnik 340
43%
Stara Miłosna (Graniczna) - Metro Politechnika 411
43%
Kosów - P+R Al.Krakowska 703
43%
P+R Al.Krakowska - P+R Nadarzyn 711
43%
Cm.Wolski - AGRICOOP 713
43%
Metro Bemowo - Koczargi Stare 714
43%
Cm.Wolski - Ogińskiego 716
43%
Władysławów - Metro Wilanowska 727
43%
Złotokłos - P+R Al.Krakowska 728
43%
Mariew - Metro Bemowo 729
43%
Brzeziny - Wiatraczna 730
43%
Żerań FSO - Starostwo Powiatowe 731
43%
Rynek - Os.Kabaty 742
43%
Targowisko - P+R Al.Krakowska 707
42%
Kolejka Piaseczyńska - os.Kabaty 724
42%
Metro Marymont - Zegrze Płd. 735
42%
Metro Trocka - P+R Radzymin 738
42%
Metro Bródno - Metro Marymont 326
41%
Terminal Autokarowy - Metro Wilanowska 331
41%
pl.Hallera - Utrata 338
41%
Wiatraczna - Os.Radiówek 722
41%
Żerań FSO - Mickiewicza 736
41%
Ursynów Płn. - Cm.Południowy-Brama Płd 737
40%
Oś.Górczewska - Wolica K.Płochcina 743
39%
Metro Młociny - Palmiry 750
39%
Podwójna - Juranda ze Spychowa-szkoła 332
38%
Dom Samotnej Matki - Dąbrówka Wiślana 900
38%
os.Kabaty - Metro Wilanowska 339
34%
Metro Trocka - PKP Zacisze-Wilno 356
33%
Sarmacka - Wilanów 379
29%
Dw.Zachodni - Os.Staszica/Pętla 817
29%
PKP Jeziorko - Ursynów Płd. 809
24%
Podolszyn - Ursynów Płd. 815
24%
Nie znaleziono quizów pasujących do podanych kryteriów
Rozkład punktacji
Procent ludzi z każdym wynikiem
Percentyl według liczby udzielonych odpowiedzi
Twoja historia wyników
Nie rozwiązałeś tego quizu